Climate Change / (Record no. 4970)

MARC details
000 -LEADER
fixed length control field 00995nam a22002897a 4500
001 - CONTROL NUMBER
control field 4970
003 - CONTROL NUMBER IDENTIFIER
control field FISKH
005 - DATE AND TIME OF LATEST TRANSACTION
control field 20241028165357.0
008 - FIXED-LENGTH DATA ELEMENTS--GENERAL INFORMATION
fixed length control field 241028b cb ||||| |||| 00| 0 eng d
020 ## - INTERNATIONAL STANDARD BOOK NUMBER
International Standard Book Number 9780194236317
040 ## - CATALOGING SOURCE
Original cataloging agency FISKH
Language of cataloging eng
Transcribing agency FISKH
Modifying agency FISKH
050 ## - LIBRARY OF CONGRESS CALL NUMBER
Classification number PE1127.C55
082 ## - DEWEY DECIMAL CLASSIFICATION NUMBER
Edition number 363.73874
100 ## - MAIN ENTRY--PERSONAL NAME
Personal name Newbolt, Barnaby
245 ## - TITLE STATEMENT
Title Climate Change /
Statement of responsibility, etc. by Barnaby Newbolt
260 ## - PUBLICATION, DISTRIBUTION, ETC.
Place of publication, distribution, etc. New York :
Name of publisher, distributor, etc. Oxford University Press ;
Date of publication, distribution, etc. 2009.
300 ## - PHYSICAL DESCRIPTION
Extent 56 pages :
Other physical details color illustrations ;
Dimensions 220 cm .
490 ## - SERIES STATEMENT
Series statement Oxford Bookworms
505 ## - FORMATTED CONTENTS NOTE
Formatted contents note W <br/>
520 ## - SUMMARY, ETC.
Summary, etc. This series presents engaing content about interesting places and subjects. Exercises and suggestions for project work are also included. The books are graded at 400- to 1,400-word vocabulary levels.
521 8# - TARGET AUDIENCE NOTE
Target audience note 880 <br/>
Source Lexile <br/>
521 8# - TARGET AUDIENCE NOTE
Target audience note W <br/>
Source Rz-Plus <br/>
650 ## - SUBJECT ADDED ENTRY--TOPICAL TERM
Topical term or geographic name entry element climate change
Form subdivision non-fiction
700 ## - ADDED ENTRY--PERSONAL NAME
Personal name Lindop, Christine
Relator term Factfiles Series Editor
942 ## - ADDED ENTRY ELEMENTS (KOHA)
Source of classification or shelving scheme Dewey Decimal Classification
Koha item type Books
Suppress in OPAC No
Holdings
Withdrawn status Lost status Source of classification or shelving scheme Damaged status Not for loan Collection Home library Current library Shelving location Date acquired Total Checkouts Full call number Barcode Date last seen Price effective from Koha item type
    Dewey Decimal Classification     Non-Fiction Footprints International School Library Network Toul Kork Campus Footprints International School Library Network Toul Kork Campus TTP Secondary Non-Fiction Bookshelves 10/28/2024   NEW 363.73874 PE1127.C55 FIS00240 10/28/2024 10/28/2024 Books